00255nam a2200121Ia 45000030006000000080041000060400015000471000014000622450019000762600009000955460012001040050017001160STCL150530s9999 xx 000 0 und d aSTCLcSTCL aHawthorne aScarlet letter c1967 aEnglish20220125171020.0